[Event "56th Rubinstein Memorial D 2020"]
[Site "Polanica Zdroj"]
[Date "2020.08.17"]
[Round "3.14"]
[White "Garwacki, Kornel"]
[Black "Jurkiewicz, Joanna"]
[Result "1/2-1/2"]
[WhiteElo "1492"]
[BlackElo "1691"]
[Annotator "NA RC"]
[PlyCount "85"]
[EventDate "2020.08.15"]
[EventType "swiss"]
[EventCountry "POL"]
[SourceTitle "playchess.com"]
[Source "ChessBase"]
[SourceQuality "1"]
[TimeControl "40/5400+30:1800+30"]

1. e4 {[%emt 0:00:00]} b6 {[%emt 0:00:00]} 2. d4 {[%emt 0:00:03]} Bb7 {[%emt 0:00:00]} 3. f3 {[%emt 0:00:21]} e6 {[%emt 0:00:00]} 4. c4 {[%emt 0:00:18]} d5 {[%emt 0:01:28]} 5. Nc3 {[%emt 0:00:24]} Nf6 {[%emt 0:03:17]} 6. Bg5 {[%emt 0:03:30]} Be7 {[%emt 0:01:54]} 7. e5 {[%emt 0:07:27]} Nfd7 {[%emt 0:00:21]} 8. Bxe7 {[%emt 0:00:14]} Qxe7 {[%emt 0:00:02]} 9. f4 {[%emt 0:03:53]} dxc4 {[%emt 0:05:35]} 10. Nf3 {[%emt 0:03:11]} Bd5 {[%emt 0:04:23]} 11. Qa4 {[%emt 0:01:43]} Bxf3 {[%emt 0:02:28]} 12. gxf3 {[%emt 0:00:26]} Qh4+ {[%emt 0:00:12]} 13. Ke2 {[%emt 0:00:44]} O-O {[%emt 0:11:33]} 14. Nb5 {[%emt 0:04:58]} Rc8 {[%emt 0:03:03]} 15. Qxc4 {[%emt 0:00:59]} Qxf4 {[%emt 0:00:27]} 16. Nd6 {[%emt 0:01:16]} Nxe5 {[%emt 0:08:27]} 17. Qc3 {[%emt 0:09:51]} Nxf3 {[%emt 0:02:59]} 18. Nxc8 {[%emt 0:01:38]} Nxd4+ {[%emt 0:01:25]} 19. Kd3 {[%emt 0:00:50]} Qf3+ {[%emt 0:02:54]} 20. Kxd4 {[%emt 0:01:35]} c5+ {[%emt 0:02:05]} 21. Kc4 {[%emt 0:09:28]} Qd5+ {[%emt 0:04:30]} 22. Kb5 {[%emt 0:00:03]} Qxh1 {[%emt 0:00:18]} 23. Ne7+ {[%emt 0:07:56]} Kf8 {[%emt 0:00:33]} 24. Rd1 {[%emt 0:02:19]} Kxe7 {[%emt 0:00:59]} 25. Qxg7 {[%emt 0:03:50]} Qc6+ {[%emt 0:01:32]} 26. Kc4 {[%emt 0:00:09]} Qa4+ {[%emt 0:00:54]} 27. b4 {[%emt 0:00:41]} Qxb4+ {[%emt 0:03:04]} 28. Kd3 {[%emt 0:00:11]} Qd4+ {[%emt 0:01:36]} 29. Qxd4 {[%emt 0:01:18]} cxd4 {[%emt 0:00:01]} 30. Bg2 {[%emt 0:00:01]} Nc6 {[%emt 0:00:31]} 31. Bxc6 {[%emt 0:00:43]} Rc8 {[%emt 0:00:39]} 32. Bb7 {[%emt 0:02:16]} Rc7 {[%emt 0:01:02]} 33. Ba6 {[%emt 0:01:02]} e5 {[%emt 0:00:41]} 34. Rd2 {[%emt 0:02:08]} f5 {[%emt 0:01:25]} 35. Rf2 {[%emt 0:01:22]} Rc3+ {[%emt 0:00:24]} 36. Kd2 {[%emt 0:00:28]} f4 {[%emt 0:02:17]} 37. Bd3 {[%emt 0:01:08]} h6 {[%emt 0:01:10]} 38. Rg2 {[%emt 0:00:51]} Ra3 {[%emt 0:04:08]} 39. Bc4 {[%emt 0:02:34]} Rc3 {[%emt 0:02:04]} 40. Bd3 {[%emt 0:01:03]} Ra3 {[%emt 0:00:04]} 41. Bc4 {[%emt 0:30:06]} Rh3 {[%emt 0:30:18]} 42. Bf1 {[%emt 0:02:14]} Ra3 {[%emt 0:03:03]} 43. Bc4 1/2-1/2

[Event "56th Rubinstein Memorial D 2020"]
[Site "Polanica Zdroj"]
[Date "2020.08.17"]
[Round "3.15"]
[White "Grzelak, Piotr"]
[Black "Ratajczak, Hubert"]
[Result "1/2-1/2"]
[WhiteElo "1664"]
[BlackElo "1513"]
[Annotator "NA RC"]
[PlyCount "81"]
[EventDate "2020.08.15"]
[EventType "swiss"]
[EventCountry "POL"]
[SourceTitle "playchess.com"]
[Source "ChessBase"]
[SourceQuality "1"]
[TimeControl "40/5400+30:1800+30"]

1. e4 {[%emt 0:05:03]} c5 {[%emt 0:00:00]} 2. c4 {[%emt 0:00:09]} d6 {[%emt 0:00:24]} 3. Ne2 {[%emt 0:00:29]} Nf6 {[%emt 0:02:43]} 4. Nbc3 {[%emt 0:00:12]} e6 {[%emt 0:05:09]} 5. d4 {[%emt 0:00:40]} cxd4 {[%emt 0:00:41]} 6. Nxd4 {[%emt 0:00:11]} a6 {[%emt 0:00:42]} 7. Be2 {[%emt 0:01:50]} Qc7 {[%emt 0:00:48]} 8. Be3 {[%emt 0:00:59]} b6 {[%emt 0:01:20]} 9. Qd2 {[%emt 0:01:22]} Bb7 {[%emt 0:01:07]} 10. f3 {[%emt 0:00:14]} Nbd7 {[%emt 0:01:30]} 11. Rc1 {[%emt 0:01:14]} Be7 {[%emt 0:00:47]} 12. g4 {[%emt 0:01:44]} h6 {[%emt 0:05:25]} 13. Kf2 {[%emt 0:02:40]} Ne5 {[%emt 0:03:46]} 14. Bd3 {[%emt 0:04:36]} Nfxg4+ {[%emt 0:10:54]} 15. fxg4 {[%emt 0:01:04]} Nxg4+ {[%emt 0:00:04]} 16. Ke2 {[%emt 0:03:26]} Nxe3 {[%emt 0:00:18]} 17. Qxe3 {[%emt 0:00:14]} Bg5 {[%emt 0:00:07]} 18. Qg3 {[%emt 0:00:40]} Bxc1 {[%emt 0:00:13]} 19. Rxc1 {[%emt 0:01:46]} g5 {[%emt 0:02:03]} 20. Kd2 {[%emt 0:02:38]} O-O-O {[%emt 0:01:06]} 21. b4 {[%emt 0:05:17]} Kb8 {[%emt 0:02:35]} 22. a4 {[%emt 0:01:33]} Rc8 {[%emt 0:00:56]} 23. Nb3 {[%emt 0:05:26]} Rhd8 {[%emt 0:01:19]} 24. a5 {[%emt 0:01:48]} d5 {[%emt 0:07:39]} 25. cxd5 {[%emt 0:05:36]} Qxg3 {[%emt 0:01:07]} 26. hxg3 {[%emt 0:00:56]} exd5 {[%emt 0:00:24]} 27. Nxd5 {[%emt 0:04:09]} Rxc1 {[%emt 0:02:31]} 28. Kxc1 {[%emt 0:00:53]} Bxd5 {[%emt 0:01:13]} 29. exd5 {[%emt 0:00:03]} bxa5 {[%emt 0:00:45]} 30. Nxa5 {[%emt 0:01:02]} Rxd5 {[%emt 0:00:06]} 31. Bxa6 {[%emt 0:00:22]} h5 {[%emt 0:01:25]} 32. Bc4 {[%emt 0:00:19]} Rf5 {[%emt 0:01:03]} 33. Kd2 {[%emt 0:02:07]} h4 {[%emt 0:01:27]} 34. gxh4 {[%emt 0:00:28]} gxh4 {[%emt 0:00:04]} 35. Nc6+ {[%emt 0:01:10]} Kc7 {[%emt 0:00:29]} 36. Nd4 {[%emt 0:00:30]} Rf6 {[%emt 0:01:07]} 37. Ke3 {[%emt 0:03:31]} h3 {[%emt 0:00:22]} 38. Nf3 {[%emt 0:02:57]} Kd6 {[%emt 0:01:34]} 39. Bf1 {[%emt 0:00:59]} Rh6 {[%emt 0:02:38]} 40. Nh2 f6 41. Ng4 1/2-1/2

[Event "56th Rubinstein Memorial D 2020"]
[Site "Polanica Zdroj"]
[Date "2020.08.17"]
[Round "3.16"]
[White "Perek, Oskar"]
[Black "Brzozowski, Pawel"]
[Result "0-1"]
[WhiteElo "1447"]
[BlackElo "1620"]
[Annotator "NA RC"]
[PlyCount "104"]
[EventDate "2020.08.15"]
[EventType "swiss"]
[EventCountry "POL"]
[SourceTitle "playchess.com"]
[Source "ChessBase"]
[SourceQuality "1"]
[TimeControl "40/5400+30:1800+30"]

1. e4 {[%emt 0:00:00]} e6 {[%emt 0:00:00]} 2. Nf3 {[%emt 0:00:03]} d5 {[%emt 0:00:00]} 3. exd5 {[%emt 0:00:10]} exd5 {[%emt 0:00:09]} 4. d4 {[%emt 0:00:22]} Nf6 {[%emt 0:01:02]} 5. Bf4 {[%emt 0:01:18]} Bd6 {[%emt 0:02:27]} 6. Bxd6 {[%emt 0:01:08]} Qxd6 {[%emt 0:00:23]} 7. Bd3 {[%emt 0:01:39]} O-O {[%emt 0:07:43]} 8. O-O {[%emt 0:00:24]} Bg4 {[%emt 0:01:06]} 9. Nbd2 {[%emt 0:01:36]} c5 {[%emt 0:09:22]} 10. dxc5 {[%emt 0:01:08]} Qxc5 {[%emt 0:00:09]} 11. c3 {[%emt 0:00:53]} Nc6 {[%emt 0:02:27]} 12. Qc2 {[%emt 0:01:28]} Rac8 {[%emt 0:01:58]} 13. Rac1 {[%emt 0:00:14]} Qd6 {[%emt 0:07:20]} 14. Qb1 {[%emt 0:02:25]} Rfe8 {[%emt 0:02:02]} 15. h3 {[%emt 0:01:32]} Bh5 {[%emt 0:00:28]} 16. g4 {[%emt 0:00:39]} Bg6 {[%emt 0:00:55]} 17. Bxg6 {[%emt 0:02:32]} hxg6 {[%emt 0:01:30]} 18. Rfe1 {[%emt 0:00:55]} Qf4 {[%emt 0:03:03]} 19. Rxe8+ {[%emt 0:01:54]} Rxe8 {[%emt 0:00:15]} 20. Re1 {[%emt 0:00:36]} Ne4 {[%emt 0:20:49]} 21. Qd3 {[%emt 0:03:16]} Re7 {[%emt 0:01:44]} 22. Re3 {[%emt 0:04:27]} Nc5 {[%emt 0:06:15]} 23. Qe2 {[%emt 0:03:01]} Rxe3 {[%emt 0:04:49]} 24. Qxe3 {[%emt 0:00:37]} Qxe3 {[%emt 0:00:06]} 25. fxe3 {[%emt 0:00:04]} Na4 {[%emt 0:01:19]} 26. c4 {[%emt 0:00:09]} Nxb2 {[%emt 0:07:10]} 27. cxd5 {[%emt 0:00:20]} Nb4 {[%emt 0:00:21]} 28. d6 {[%emt 0:00:55]} f6 {[%emt 0:02:35]} 29. Nd4 {[%emt 0:01:43]} Kf7 {[%emt 0:01:31]} 30. Ne4 {[%emt 0:01:37]} Nd1 {[%emt 0:01:44]} 31. Nc5 {[%emt 0:01:18]} b6 {[%emt 0:06:10]} 32. Nb7 {[%emt 0:00:06]} Ke8 {[%emt 0:00:29]} 33. a3 {[%emt 0:01:09]} Nd3 {[%emt 0:00:58]} 34. Ne6 {[%emt 0:03:05]} Ne5 {[%emt 0:02:54]} 35. Nxg7+ {[%emt 0:01:52]} Kf7 {[%emt 0:01:07]} 36. Nh5 {[%emt 0:01:04]} gxh5 {[%emt 0:00:05]} 37. gxh5 {[%emt 0:00:05]} Ke8 {[%emt 0:02:18]} 38. Kg2 {[%emt 0:00:39]} Nxe3+ {[%emt 0:00:42]} 39. Kg3 {[%emt 0:00:05]} Nf5+ {[%emt 0:01:48]} 40. Kf4 {[%emt 0:00:22]} Nh6 {[%emt 0:00:16]} 41. Ke4 {[%emt 0:30:35]} Kd7 {[%emt 0:30:16]} 42. Kd5 {[%emt 0:00:32]} Nf3 {[%emt 0:01:04]} 43. a4 {[%emt 0:00:17]} a5 {[%emt 0:00:19]} 44. Nd8 {[%emt 0:00:17]} Kxd8 {[%emt 0:00:24]} 45. Ke6 {[%emt 0:00:15]} f5 {[%emt 0:00:14]} 46. Kf6 {[%emt 0:00:21]} f4 {[%emt 0:00:36]} 47. Kg6 {[%emt 0:00:36]} Ne5+ {[%emt 0:00:31]} 48. Kxh6 {[%emt 0:00:15]} f3 {[%emt 0:00:15]} 49. Kg7 {[%emt 0:00:06]} f2 {[%emt 0:00:06]} 50. h6 {[%emt 0:00:13]} f1=Q {[%emt 0:00:06]} 51. h7 {[%emt 0:00:05]} Qf7+ {[%emt 0:00:16]} 52. Kh8 {[%emt 0:00:06]} Ng6# {[%emt 0:00:05]} 0-1

[Event "56th Rubinstein Memorial D 2020"]
[Site "Polanica Zdroj"]
[Date "2020.08.17"]
[Round "3.17"]
[White "Kaczanowski, Pawel"]
[Black "Bednarczyk, Mateusz"]
[Result "1-0"]
[WhiteElo "1655"]
[BlackElo "1500"]
[Annotator "NA RC"]
[PlyCount "72"]
[EventDate "2020.08.15"]
[EventType "swiss"]
[EventCountry "POL"]
[SourceTitle "playchess.com"]
[Source "ChessBase"]
[SourceQuality "1"]
[TimeControl "40/5400+30:1800+30"]

1. e4 {[%emt 0:00:00]} c5 {[%emt 0:00:00]} 2. Nf3 {[%emt 0:00:00]} Nc6 {[%emt 0:00:00]} 3. d4 {[%emt 0:00:00]} cxd4 {[%emt 0:00:00]} 4. Nxd4 {[%emt 0:00:00]} Nf6 {[%emt 0:00:00]} 5. Nc3 {[%emt 0:00:00]} e6 {[%emt 0:00:00]} 6. Ndb5 {[%emt 0:02:37]} Bb4 {[%emt 0:00:21]} 7. Nd6+ {[%emt 0:05:07]} Ke7 {[%emt 0:00:04]} 8. Bf4 {[%emt 0:06:49]} e5 {[%emt 0:01:15]} 9. Nf5+ {[%emt 0:01:34]} Kf8 {[%emt 0:00:24]} 10. Bg5 {[%emt 0:05:05]} h6 {[%emt 0:01:39]} 11. Bxf6 {[%emt 0:01:10]} Qxf6 {[%emt 0:00:03]} 12. Bb5 {[%emt 0:26:49]} Nd4 {[%emt 0:02:12]} 13. Nxd4 {[%emt 0:00:06]} exd4 {[%emt 0:00:04]} 14. a3 {[%emt 0:00:04]} dxc3 {[%emt 0:00:04]} 15. axb4 {[%emt 0:00:06]} cxb2 {[%emt 0:00:06]} 16. Rb1 {[%emt 0:00:25]} Qe5 {[%emt 0:06:09]} 17. Qe2 {[%emt 0:03:12]} a6 {[%emt 0:03:10]} 18. Bd3 {[%emt 0:00:40]} d6 {[%emt 0:04:19]} 19. O-O {[%emt 0:01:44]} Qc3 {[%emt 0:08:09]} 20. Qe1 {[%emt 0:03:20]} Qd4 {[%emt 0:01:35]} 21. Qd2 {[%emt 0:02:15]} Be6 {[%emt 0:00:37]} 22. c3 {[%emt 0:01:22]} Qf6 {[%emt 0:00:26]} 23. Rxb2 {[%emt 0:03:07]} Rc8 {[%emt 0:00:09]} 24. Rc2 {[%emt 0:00:29]} Bb3 {[%emt 0:00:31]} 25. Rcc1 {[%emt 0:00:11]} b5 {[%emt 0:01:09]} 26. Ra1 {[%emt 0:13:11]} Qxc3 {[%emt 0:00:16]} 27. Qxc3 {[%emt 0:00:09]} Rxc3 {[%emt 0:00:18]} 28. Bxb5 {[%emt 0:00:23]} Bc4 {[%emt 0:00:30]} 29. Bxc4 {[%emt 0:00:18]} Rxc4 {[%emt 0:00:04]} 30. b5 {[%emt 0:01:00]} Ke7 {[%emt 0:00:14]} 31. bxa6 {[%emt 0:00:05]} Rxe4 {[%emt 0:00:33]} 32. a7 {[%emt 0:01:30]} Ra8 {[%emt 0:00:10]} 33. Rfb1 {[%emt 0:00:29]} Rc4 {[%emt 0:00:28]} 34. Rb8 {[%emt 0:00:34]} Rxa7 {[%emt 0:05:55]} 35. Rxa7+ {[%emt 0:00:06]} Ke6 {[%emt 0:00:03]} 36. Ra1 Rc8 1-0

[Event "56th Rubinstein Memorial D 2020"]
[Site "Polanica Zdroj"]
[Date "2020.08.17"]
[Round "3.18"]
[White "Stachowiak, Bruno"]
[Black "Wilgosz, Jan"]
[Result "0-1"]
[WhiteElo "1369"]
[BlackElo "1617"]
[Annotator "NA RC"]
[PlyCount "86"]
[EventDate "2020.08.15"]
[EventType "swiss"]
[EventCountry "POL"]
[SourceTitle "playchess.com"]
[Source "ChessBase"]
[SourceQuality "1"]
[TimeControl "40/5400+30:1800+30"]

1. e4 {[%emt 0:00:00]} e5 {[%emt 0:00:00]} 2. Nf3 {[%emt 0:00:15]} Nc6 {[%emt 0:00:01]} 3. Bc4 {[%emt 0:00:07]} Nf6 {[%emt 0:00:21]} 4. d3 {[%emt 0:00:17]} Bc5 {[%emt 0:00:23]} 5. Nc3 {[%emt 0:01:22]} d6 {[%emt 0:04:11]} 6. h3 {[%emt 0:01:17]} h6 {[%emt 0:04:03]} 7. Be3 {[%emt 0:00:22]} Bb6 {[%emt 0:02:48]} 8. Qd2 {[%emt 0:00:16]} Ba5 {[%emt 0:13:05]} 9. Qe2 {[%emt 0:05:16]} Qe7 {[%emt 0:10:59]} 10. O-O {[%emt 0:00:30]} g5 {[%emt 0:12:44]} 11. a3 {[%emt 0:06:28]} Bxc3 {[%emt 0:07:52]} 12. bxc3 {[%emt 0:00:34]} g4 {[%emt 0:01:24]} 13. hxg4 {[%emt 0:00:41]} Nxg4 {[%emt 0:01:26]} 14. d4 {[%emt 0:05:24]} Rg8 {[%emt 0:04:44]} 15. Bb5 {[%emt 0:08:40]} Bd7 {[%emt 0:06:57]} 16. Bxc6 {[%emt 0:09:09]} Bxc6 {[%emt 0:03:31]} 17. d5 {[%emt 0:01:28]} Bd7 {[%emt 0:00:44]} 18. Rab1 {[%emt 0:01:00]} Bc8 {[%emt 0:03:09]} 19. Qb5+ {[%emt 0:00:51]} Kf8 {[%emt 0:01:31]} 20. c4 {[%emt 0:03:11]} h5 {[%emt 0:03:42]} 21. Qb3 {[%emt 0:07:24]} h4 {[%emt 0:01:12]} 22. Bg5 {[%emt 0:05:12]} Rxg5 {[%emt 0:01:38]} 23. Nxg5 {[%emt 0:00:23]} Qxg5 {[%emt 0:00:11]} 24. Rbe1 {[%emt 0:04:45]} Qf4 {[%emt 0:03:27]} 25. g3 {[%emt 0:00:32]} hxg3 {[%emt 0:02:21]} 26. Qxg3 {[%emt 0:00:48]} Qxg3+ {[%emt 0:04:18]} 27. fxg3 {[%emt 0:00:43]} b6 {[%emt 0:00:59]} 28. Rf3 {[%emt 0:03:18]} Kg7 {[%emt 0:01:24]} 29. Ref1 {[%emt 0:01:05]} f6 {[%emt 0:00:14]} 30. Kg2 {[%emt 0:01:25]} Ba6 {[%emt 0:01:40]} 31. Rh1 {[%emt 0:06:24]} Bxc4 {[%emt 0:02:31]} 32. Rc3 {[%emt 0:00:38]} b5 {[%emt 0:00:58]} 33. Rh4 {[%emt 0:01:03]} Nh6 {[%emt 0:00:23]} 34. a4 {[%emt 0:01:10]} a6 {[%emt 0:00:12]} 35. g4 {[%emt 0:00:51]} Nf7 {[%emt 0:00:25]} 36. Rhh3 {[%emt 0:03:53]} Ng5 {[%emt 0:00:22]} 37. Rhe3 {[%emt 0:00:33]} Rh8 {[%emt 0:00:18]} 38. axb5 {[%emt 0:00:33]} axb5 {[%emt 0:00:09]} 39. Ra3 {[%emt 0:01:03]} Nxe4 {[%emt 0:01:25]} 40. Rxe4 {[%emt 0:00:54]} Bxd5 {[%emt 0:00:03]} 41. Rae3 {[%emt 0:30:22]} Bxe4+ {[%emt 0:30:16]} 42. Rxe4 {[%emt 0:00:15]} d5 {[%emt 0:00:39]} 43. Rb4 {[%emt 0:00:08]} Rb8 {[%emt 0:00:14]} 0-1

[Event "56th Rubinstein Memorial D 2020"]
[Site "Polanica Zdroj"]
[Date "2020.08.17"]
[Round "3.19"]
[White "Biel, Maciej"]
[Black "Zarzecki, Dymitr Stanislaw"]
[Result "*"]
[WhiteElo "1275"]
[BlackElo "1596"]
[Annotator "NA RC"]
[PlyCount "104"]
[EventDate "2020.08.15"]
[EventType "swiss"]
[EventCountry "POL"]
[SourceTitle "playchess.com"]
[Source "ChessBase"]
[SourceQuality "1"]
[TimeControl "40/5400+30:1800+30"]

1. e4 {[%emt 0:00:00]} c5 {[%emt 0:00:15]} 2. d3 {[%emt 0:00:00]} Nc6 {[%emt 0:01:20]} 3. Nf3 {[%emt 0:00:00]} d6 {[%emt 0:02:28]} 4. g3 {[%emt 0:00:00]} g6 {[%emt 0:01:45]} 5. Bg2 {[%emt 0:00:02]} Bg7 {[%emt 0:00:10]} 6. O-O {[%emt 0:00:06]} Nf6 {[%emt 0:02:03]} 7. c3 {[%emt 0:00:49]} O-O {[%emt 0:01:40]} 8. Re1 {[%emt 0:02:46]} Nh5 {[%emt 0:10:47]} 9. Na3 {[%emt 0:08:03]} e5 {[%emt 0:07:04]} 10. Nc4 {[%emt 0:01:53]} b5 {[%emt 0:03:50]} 11. Ne3 {[%emt 0:02:08]} Rb8 {[%emt 0:01:22]} 12. Nh4 {[%emt 0:05:48]} Be6 {[%emt 0:05:55]} 13. Ng4 {[%emt 0:07:26]} Nf4 {[%emt 0:16:15]} 14. Qf3 {[%emt 0:09:40]} Bxg4 {[%emt 0:05:28]} 15. Qxg4 {[%emt 0:00:37]} Nxd3 {[%emt 0:01:05]} 16. Rf1 {[%emt 0:02:55]} Nxc1 {[%emt 0:08:32]} 17. Raxc1 {[%emt 0:00:13]} b4 {[%emt 0:00:59]} 18. f4 {[%emt 0:03:22]} bxc3 {[%emt 0:08:14]} 19. bxc3 {[%emt 0:00:19]} Rb2 {[%emt 0:03:41]} 20. f5 {[%emt 0:00:15]} Qd7 {[%emt 0:03:02]} 21. Nf3 {[%emt 0:04:44]} Rxa2 {[%emt 0:04:50]} 22. Qh4 {[%emt 0:00:37]} Qe7 {[%emt 0:07:00]} 23. Qg4 {[%emt 0:02:52]} a5 {[%emt 0:01:58]} 24. h4 {[%emt 0:01:07]} h5 {[%emt 0:01:13]} 25. Qh3 {[%emt 0:00:03]} Bh6 {[%emt 0:00:38]} 26. Rcd1 {[%emt 0:00:41]} Rb8 {[%emt 0:00:37]} 27. fxg6 {[%emt 0:02:13]} fxg6 {[%emt 0:00:38]} 28. Rb1 {[%emt 0:03:16]} Rab2 {[%emt 0:00:38]} 29. Rxb2 {[%emt 0:00:12]} Rxb2 {[%emt 0:00:13]} 30. Qc8+ {[%emt 0:00:58]} Nd8 {[%emt 0:00:27]} 31. Rd1 {[%emt 0:03:08]} Kg7 {[%emt 0:00:42]} 32. Nxe5 {[%emt 0:00:58]} Nf7 {[%emt 0:00:38]} 33. Nc6 {[%emt 0:03:04]} Qf6 {[%emt 0:00:30]} 34. Rf1 {[%emt 0:00:19]} Be3+ {[%emt 0:00:26]} 35. Kh1 {[%emt 0:00:25]} Rf2 {[%emt 0:00:23]} 36. Rb1 {[%emt 0:01:33]} Qxc3 {[%emt 0:00:40]} 37. Ne7 {[%emt 0:00:38]} Qc2 {[%emt 0:00:32]} 38. Qg8+ {[%emt 0:01:54]} Kf6 {[%emt 0:00:29]} 39. Nd5+ {[%emt 0:00:03]} Ke5 {[%emt 0:00:16]} 40. Qg7+ {[%emt 0:00:22]} Ke6 {[%emt 0:00:39]} 41. Bh3+ {[%emt 0:30:02]} Rf5 {[%emt 0:30:24]} 42. Qxg6+ {[%emt 0:00:55]} Ke5 {[%emt 0:00:39]} 43. Qxf5+ {[%emt 0:00:02]} Kd4 {[%emt 0:00:22]} 44. Qf1 {[%emt 0:01:21]} Ne5 {[%emt 0:00:40]} 45. Rd1+ {[%emt 0:00:21]} Nd3 {[%emt 0:00:31]} 46. Qxd3+ {[%emt 0:00:19]} Qxd3 {[%emt 0:00:13]} 47. Rxd3+ {[%emt 0:00:16]} Kxd3 {[%emt 0:00:02]} 48. Nf6 {[%emt 0:00:52]} a4 {[%emt 0:01:06]} 49. Be6 {[%emt 0:00:04]} c4 {[%emt 0:00:28]} 50. Nxh5 {[%emt 0:00:57]} a3 {[%emt 0:00:13]} 51. Nf4+ {[%emt 0:00:16]} Bxf4 {[%emt 0:00:38]} 52. gxf4 {[%emt 0:00:02]} a2 {[%emt 0:00:07]} *

[Event "56th Rubinstein Memorial D 2020"]
[Site "Polanica Zdroj"]
[Date "2020.08.17"]
[Round "3.20"]
[White "Pietrzak, Wojciech"]
[Black "Bialik, Nikodem"]
[Result "0-1"]
[WhiteElo "1773"]
[BlackElo "1552"]
[Annotator "NA RC"]
[PlyCount "60"]
[EventDate "2020.08.15"]
[EventType "swiss"]
[EventCountry "POL"]
[SourceTitle "playchess.com"]
[Source "ChessBase"]
[SourceQuality "1"]
[TimeControl "40/5400+30:1800+30"]

1. c4 {[%emt 0:00:00]} c5 {[%emt 0:05:18]} 2. Nc3 {[%emt 0:00:00]} e6 {[%emt 0:00:16]} 3. Nf3 {[%emt 0:00:00]} Nf6 {[%emt 0:00:51]} 4. e4 {[%emt 0:00:31]} d5 {[%emt 0:00:54]} 5. cxd5 {[%emt 0:04:13]} exd5 {[%emt 0:00:52]} 6. d3 {[%emt 0:03:20]} dxe4 {[%emt 0:03:34]} 7. Nxe4 {[%emt 0:02:48]} Be7 {[%emt 0:01:31]} 8. Be2 {[%emt 0:04:29]} O-O {[%emt 0:01:46]} 9. b3 {[%emt 0:01:43]} Nc6 {[%emt 0:03:46]} 10. O-O {[%emt 0:02:17]} b6 {[%emt 0:04:53]} 11. Bb2 {[%emt 0:02:25]} Bb7 {[%emt 0:02:45]} 12. h3 {[%emt 0:03:28]} Nb4 {[%emt 0:03:10]} 13. Re1 {[%emt 0:06:33]} Nxe4 {[%emt 0:06:38]} 14. dxe4 {[%emt 0:01:07]} Bxe4 {[%emt 0:02:52]} 15. Qxd8 {[%emt 0:07:34]} Bxd8 {[%emt 0:01:28]} 16. Red1 {[%emt 0:01:58]} h6 {[%emt 0:09:30]} 17. Ne5 {[%emt 0:05:46]} Bf6 {[%emt 0:05:57]} 18. f3 {[%emt 0:05:09]} Bf5 {[%emt 0:01:37]} 19. g4 {[%emt 0:02:30]} Bxe5 {[%emt 0:03:29]} 20. Bxe5 {[%emt 0:01:42]} Rfe8 {[%emt 0:00:33]} 21. f4 {[%emt 0:02:11]} f6 {[%emt 0:02:43]} 22. gxf5 {[%emt 0:03:21]} fxe5 {[%emt 0:00:34]} 23. Bc4+ {[%emt 0:00:37]} Kh8 {[%emt 0:01:19]} 24. Be6 {[%emt 0:01:25]} exf4 {[%emt 0:01:14]} 25. Rd2 {[%emt 0:02:05]} Rad8 {[%emt 0:01:10]} 26. Bd7 {[%emt 0:01:52]} Re3 {[%emt 0:01:53]} 27. Rad1 {[%emt 0:01:05]} Rxh3 {[%emt 0:02:36]} 28. Kg2 {[%emt 0:07:01]} Re3 {[%emt 0:01:27]} 29. Be6 {[%emt 0:00:55]} Red3 {[%emt 0:01:51]} 30. Bc4 {[%emt 0:00:24]} Rxd2+ {[%emt 0:00:08]} 0-1